| Tag |
First Indicator |
Second Indicator |
Subfields |
| LEADER |
00000cam a22000001a 4500 |
| 001 |
in00003304313 |
| 006 |
m d f |
| 007 |
cr bn mmmapmmp |
| 008 |
101207s2005 dcu o f000 0 eng d |
| 005 |
20260430213338.1 |
| 035 |
|
|
|a cis2007852354
|
| 040 |
|
|
|a ProQuest
|c ProQuest
|d UtOrBLW
|
| 043 |
|
|
|a n-us---
|
| 099 |
|
|
|a CRS-2005-RSI-0882
|
| 110 |
2 |
|
|a Library of Congress.
|b Congressional Research Service.
|
| 245 |
1 |
0 |
|a "Spam" :
|b An Overview of Issues Concerning Commercial Electronic Mail.
|
| 264 |
|
1 |
|a [Place of publication not identified] :
|b [publisher not identified],
|c 2005.
|
| 300 |
|
|
|a 1 online resource.
|
| 336 |
|
|
|a text
|b txt
|2 rdacontent
|
| 337 |
|
|
|a computer
|b c
|2 rdamedia
|
| 338 |
|
|
|a online resource
|b cr
|2 rdacarrier
|
| 500 |
|
|
|a Record is based on bibliographic data in ProQuest U.S. Congressional Research Digital Collection (last viewed Dec. 2010). Reuse except for individual research requires license from ProQuest, LLC.
|
| 500 |
|
|
|a CRS Report.
|
| 520 |
|
|
|a Reviews issues and legislative proposals related to the prevention of unsolicited commercial electronic mail (UCE), also known as "spam" or "junk" e-mail. Provides background on UCE problem and reviews State and Congressional actions to restrict and control UCE, including the Controlling the Assault of Non-Solicited Pornography and Marketing Act. Also discusses non-legislative approaches to restraining spam, including securing Internet connections, authentication, and other actions by Internet service providers.
|
| 500 |
|
|
|a Electronic resource.
|
| 650 |
|
0 |
|a Computers.
|
| 650 |
|
0 |
|a Consumer protection.
|
| 650 |
|
0 |
|a State governments.
|
| 655 |
|
7 |
|a Electronic books.
|2 local
|
| 710 |
2 |
|
|a ProQuest (Firm)
|
| 776 |
0 |
8 |
|i Microfiche version:
|a Library of Congress. Congressional Research Service.
|t "Spam"
|
| 830 |
|
0 |
|a U.S. Congressional Research.
|
| 856 |
4 |
0 |
|u http://proxy.library.tamu.edu/login?url=https://congressional.proquest.com/congcomp/getdoc?CRDC-ID=CRS-2005-RSI-0882
|z Connect to the full text of this electronic book
|t 0
|
| 999 |
|
|
|a MARS
|
| 999 |
f |
f |
|s d02c68b9-ab2f-3a03-ab58-f88cc62f8b94
|i c28db974-6c00-3190-b9af-5a219c65aed2
|t 0
|
| 952 |
f |
f |
|a Texas A&M University
|b College Station
|c Electronic Resources
|s www_evans
|d Available Online
|t 0
|e CRS-2005-RSI-0882
|h Other scheme
|
| 998 |
f |
f |
|a CRS-2005-RSI-0882
|t 0
|l Available Online
|